[Event "Quebec op"]
[Site "Montreal CAN"]
[Date "2009.07.25"]
[Round "9"]
[White "Kovalyov, Anton"]
[Black "Thavandiran, Shiyam"]
[Result "1-0"]
[WhiteElo "2557"]
[BlackElo "2291"]
[PlyCount "105"]
[GameId "2160767910155522"]
[EventDate "2009.07.18"]
[EventType "swiss"]
[EventRounds "9"]
[EventCountry "CAN"]
[SourceTitle "CBM 131 Extra"]
[Source "ChessBase"]
[SourceDate "2009.09.03"]
[SourceVersion "2"]
[SourceVersionDate "2009.09.16"]
[SourceQuality "1"]

1. Nf3 d5 2. d4 Nf6 3. c4 e6 4. Nc3 Bb4 5. Qa4+ Nc6 6. e3 Bd7 7. Qc2 dxc4 8. Bxc4 Na5 9. Bd3 c5 10. dxc5 Rc8 11. O-O Rxc5 12. e4 Bxc3 13. bxc3 Qc7 14. Qe2 Nc4 15. Bxc4 Rxc4 16. Bf4 Qc8 17. Nd2 Rc6 18. Be5 O-O 19. f4 Ne8 20. Bd4 Nd6 21. Rf3 f6 22. Rg3 Be8 23. h4 Rc7 24. a4 h5 25. Rd3 Nc4 26. Nf3 b5 27. a5 Bg6 28. Rdd1 a6 29. e5 Bf5 30. Nh2 Qe8 31. Re1 Qg6 32. Ra2 Bb1 33. Ra1 Bf5 34. Ra2 Bb1 35. Ra1 Bd3 36. Qf3 Nd2 37. Qd1 Nc4 38. exf6 gxf6 39. Rxe6 Be4 40. Qe2 Bd5 41. Rxa6 Rg7 42. Nf3 Qg4 43. Rf1 Nd2 44. Qxd2 Bxf3 45. Rxf3 Qxf3 46. Rxf6 Rxf6 47. Bxf6 Rg4 48. Be5 Qe4 49. Qd8+ Kf7 50. Qf6+ Kg8 51. Qe6+ Kh7 52. Qe7+ Kg8 53. Qe8+ 1-0

[Event "CAN-op"]
[Site "Edmonton CAN"]
[Date "2009.07.11"]
[Round "1.9"]
[White "Kovalyov, Anton"]
[Black "Caughlin, Wade"]
[Result "1-0"]
[WhiteElo "2586"]
[BlackElo "1855"]
[PlyCount "51"]
[GameId "2160767910155680"]
[EventDate "2009.07.11"]
[EventType "swiss"]
[EventRounds "9"]
[EventCountry "CAN"]
[SourceTitle "EXT 2022"]
[Source "ChessBase"]
[SourceDate "2021.10.06"]
[SourceVersion "1"]
[SourceVersionDate "2021.10.06"]
[SourceQuality "1"]

1. c4 Nf6 2. Nc3 e5 3. Nf3 Nc6 4. a3 Be7 5. g3 O-O 6. Bg2 d5 7. cxd5 Nxd5 8. d3 Be6 9. Bd2 Qd7 10. O-O Nxc3 11. Bxc3 f6 12. Nd2 Bd5 13. Rc1 Bxg2 14. Kxg2 Nd4 15. Bxd4 Qxd4 16. Qb3+ Kh8 17. Rxc7 Bd6 18. Rxb7 Rab8 19. Rc1 h6 20. Ne4 Rxb7 21. Qxb7 Rb8 22. Rc8+ Rxc8 23. Qxc8+ Kh7 24. Qd7 Bc5 25. Qf5+ Kh8 26. Qc8+ 1-0

[Event "CAN-op"]
[Site "Edmonton CAN"]
[Date "2009.07.13"]
[Round "3.9"]
[White "Kovalyov, Anton"]
[Black "Haynes, Nicolas"]
[Result "1-0"]
[WhiteElo "2586"]
[BlackElo "2290"]
[PlyCount "117"]
[GameId "2160767910155823"]
[EventDate "2009.07.11"]
[EventType "swiss"]
[EventRounds "9"]
[EventCountry "CAN"]

1. c4 Nf6 2. Nc3 e6 3. Nf3 Bb4 4. Qc2 O-O 5. a3 Bxc3 6. Qxc3 b6 7. g3 Bb7 8. Bg2 d6 9. O-O Nbd7 10. b4 Qe7 11. d3 c5 12. Bb2 Rac8 13. a4 d5 14. bxc5 Nxc5 15. Qa3 Rfe8 16. cxd5 Bxd5 17. e4 Bb7 18. Ne5 Nfd7 19. Nc4 Ba6 20. Rfc1 Bxc4 21. Rxc4 e5 22. Rd1 Qe6 23. Bf1 Qg4 24. Rdc1 a5 25. Kg2 Rcd8 26. f3 Qg5 27. d4 exd4 28. Rxd4 Nf8 29. Rcd1 Nfe6 30. h4 Qe7 31. Rd5 Nc7 32. Qc3 f6 33. R5d4 Kh8 34. Be2 N7e6 35. Rc4 Rxd1 36. Bxd1 Qd7 37. Bc2 Rd8 38. Bc1 Qd6 39. Be3 h6 40. f4 Rc8 41. Qd2 Qe7 42. Qd5 Rd8 43. Qh5 Qb7 44. Kf2 Qa6 45. Rc3 Qc8 46. Kg2 Nd4 47. Bb1 Qe6 48. Qg6 Qc6 49. Rc4 Ndb3 50. Qf5 Nd2 51. Bxd2 Rxd2+ 52. Kh3 Qd7 53. Qxd7 Rxd7 54. Kg4 Rd1 55. Bc2 Rc1 56. Kf3 Kg8 57. Rc3 Kf8 58. Ke2 Ra1 59. Ke3 1-0

[Event "CAN-op"]
[Site "Edmonton CAN"]
[Date "2009.07.15"]
[Round "5"]
[White "Kovalyov, Anton"]
[Black "Haessel, Dale"]
[Result "1-0"]
[WhiteElo "2557"]
[BlackElo "2204"]
[PlyCount "35"]
[GameId "2160767910156005"]
[EventDate "2009.07.11"]
[EventType "swiss"]
[EventRounds "9"]
[EventCountry "CAN"]
[SourceTitle "CBM 132 Extra"]
[Source "ChessBase"]
[SourceDate "2009.11.03"]
[SourceVersion "1"]
[SourceVersionDate "2009.11.03"]
[SourceQuality "1"]

1. c4 Nf6 2. Nf3 g6 3. Nc3 d5 4. Qa4+ Bd7 5. Qb3 dxc4 6. Qxc4 Bg7 7. e4 O-O 8. e5 Ne8 9. d4 c6 10. h4 Nc7 11. h5 Be6 12. Qe2 c5 13. Qe4 Bf5 14. Qh4 gxh5 15. Bg5 Nc6 16. O-O-O Nd5 17. dxc5 Ncb4 18. Bc4 1-0

[Event "CAN-op"]
[Site "Edmonton CAN"]
[Date "2009.07.16"]
[Round "6.5"]
[White "Pechenkin, Vladimir"]
[Black "Kovalyov, Anton"]
[Result "0-1"]
[WhiteElo "2366"]
[BlackElo "2586"]
[PlyCount "100"]
[GameId "2160767910156108"]
[EventDate "2009.07.11"]
[EventType "swiss"]
[EventRounds "9"]
[EventCountry "CAN"]

1. f4 d5 2. Nf3 g6 3. e3 Bg7 4. Be2 Nd7 5. O-O c6 6. c4 Ngf6 7. Nc3 dxc4 8. Bxc4 O-O 9. d4 Nb6 10. Bd3 Nfd5 11. e4 Nxc3 12. bxc3 c5 13. Be3 Bg4 14. dxc5 Nd7 15. Bb5 Qc7 16. Bxd7 Bxd7 17. Qc2 Rfd8 18. Rab1 Be6 19. Rf2 Rd7 20. Bd4 f6 21. Nd2 Bf7 22. f5 Qc6 23. Re1 Rad8 24. Nf1 e5 25. fxe6 Qxe6 26. Re3 Re8 27. h3 Qc6 28. Ng3 Re6 29. Ref3 h5 30. h4 Qa6 31. Qb1 Rc6 32. Qf1 Bc4 33. Qb1 Rf7 34. Kh1 Bf8 35. e5 fxe5 36. Bxe5 Bxc5 37. Rxf7 Bxf7 38. Rd2 Be7 39. Rd7 Re6 40. Bb8 Bxh4 41. Qxb7 Qxb7 42. Rxb7 Bf6 43. Kg1 a6 44. Rc7 h4 45. Nf1 Re2 46. Ba7 Bxa2 47. Ne3 Bg5 48. Ng4 Be6 49. Rc6 Kf7 50. Nh2 Rxg2+ 0-1

[Event "CAN-op"]
[Site "Edmonton CAN"]
[Date "2009.07.17"]
[Round "7"]
[White "Kovalyov, Anton"]
[Black "Ni, Hua"]
[Result "1/2-1/2"]
[WhiteElo "2557"]
[BlackElo "2701"]
[PlyCount "70"]
[GameId "2160767910156201"]
[EventDate "2009.07.11"]
[EventType "swiss"]
[EventRounds "9"]
[EventCountry "CAN"]
[SourceTitle "CBM 132 Extra"]
[Source "ChessBase"]
[SourceDate "2009.11.03"]
[SourceVersion "1"]
[SourceVersionDate "2009.11.03"]
[SourceQuality "1"]

1. Nf3 Nf6 2. c4 g6 3. Nc3 d5 4. Qa4+ Bd7 5. Qb3 dxc4 6. Qxc4 a6 7. Qb3 b5 8. a4 Be6 9. Qa3 b4 10. Qxb4 Nc6 11. Qc5 Qd6 12. Qxd6 exd6 13. g3 Nb4 14. Nd4 Bd7 15. Bg2 Rb8 16. O-O Bg7 17. Rb1 O-O 18. b3 c5 19. Nf3 Rfe8 20. Ne1 Nc6 21. Nc2 Nd4 22. Nxd4 cxd4 23. Nd5 Bxa4 24. Ra1 Bxb3 25. Nxf6+ Bxf6 26. Rxa6 Bc4 27. Rxd6 Bxe2 28. Re1 Kg7 29. Bc6 Re7 30. Ba3 Bg4 31. Be4 Rc7 32. Rxf6 Kxf6 33. Bd6 Rbc8 34. Bxc7 Rxc7 35. f3 Be6 1/2-1/2

[Event "CAN-op"]
[Site "Edmonton CAN"]
[Date "2009.07.19"]
[Round "9.10"]
[White "Kovalyov, Anton"]
[Black "Gentes, Kevin"]
[Result "1-0"]
[WhiteElo "2586"]
[BlackElo "2270"]
[PlyCount "101"]
[GameId "2160767910156346"]
[EventDate "2009.07.11"]
[EventType "swiss"]
[EventRounds "9"]
[EventCountry "CAN"]

1. c4 Nf6 2. Nc3 d6 3. d4 Nbd7 4. e4 e5 5. Nf3 c6 6. Be2 Be7 7. O-O O-O 8. Re1 Re8 9. Bf1 b6 10. Rb1 Bb7 11. d5 c5 12. a3 Rf8 13. g3 a6 14. Nh4 g6 15. Bh6 Re8 16. b4 Qc7 17. Rb3 Bc8 18. Ng2 Bf8 19. Bg5 h6 20. Bd2 Bg7 21. Ne3 Ra7 22. Bd3 Nf8 23. Qe2 Bd7 24. Reb1 Rc8 25. a4 cxb4 26. Rxb4 Rb8 27. Be1 Be8 28. a5 Rab7 29. Qb2 N8d7 30. Na4 b5 31. cxb5 Qxa5 32. Nc4 Qxa4 33. Rxa4 axb5 34. Rb4 Nc5 35. Qa3 bxc4 36. Rxb7 Rxb7 37. Rxb7 Nxb7 38. Bxc4 Nc5 39. f3 Ba4 40. Ba5 Nfd7 41. Bc7 Bf8 42. Qb4 f5 43. exf5 gxf5 44. Bf1 Bb3 45. Bh3 Bxd5 46. Bxf5 Nf6 47. Bd8 Ne8 48. Qg4+ Bg7 49. Be7 Bf7 50. Bg6 Ne6 51. Qf5 1-0

[Event "Quebec-ch int"]
[Site "Montreal CAN"]
[Date "2009.06.19"]
[Round "1"]
[White "Kovalyov, Anton"]
[Black "Sambuev, Bator"]
[Result "1-0"]
[WhiteElo "2557"]
[BlackElo "2498"]
[PlyCount "157"]
[GameId "2160767910156428"]
[EventDate "2009.06.19"]
[EventType "tourn"]
[EventRounds "9"]
[EventCountry "CAN"]
[EventCategory "7"]
[SourceTitle "CBM 130 Extra"]
[Source "ChessBase"]
[SourceDate "2009.07.02"]
[SourceVersion "2"]
[SourceVersionDate "2009.07.15"]
[SourceQuality "1"]

1. Nf3 Nf6 2. c4 g6 3. Nc3 Bg7 4. e4 d6 5. d4 O-O 6. Be2 e5 7. Be3 Ng4 8. Bg5 f6 9. Bh4 g5 10. Bg3 Nh6 11. dxe5 dxe5 12. Qxd8 Rxd8 13. h4 g4 14. Nd2 Na6 15. O-O-O Be6 16. f4 gxf3 17. gxf3 c6 18. Nb3 b6 19. f4 Bg4 20. h5 Bxe2 21. Nxe2 Nf7 22. fxe5 fxe5 23. Rdg1 Kf8 24. Bh4 Rd7 25. Rf1 Nc7 26. Rhg1 Ne6 27. Kb1 Re8 28. Ng3 Nd4 29. h6 Bxh6 30. Nh5 Re6 31. Nf6 Rxf6 32. Rxf6 Bg7 33. Rf2 Ne6 34. Rd2 Rxd2 35. Nxd2 Bh6 36. Nf3 Nc5 37. Bg5 Bg7 38. Be7+ Kxe7 39. Rxg7 Kf6 40. Rxh7 Nxe4 41. Kc2 Ned6 42. b3 Kg6 43. Rh1 Kf5 44. Kd2 Kf4 45. Nh4 Ne4+ 46. Kc2 Neg5 47. Ng6+ Ke3 48. Re1+ Kf2 49. Rxe5 Nxe5 50. Nxe5 Ke3 51. Nxc6 a5 52. Ne5 Kd4 53. Nd7 a4 54. Nxb6 axb3+ 55. axb3 Kc5 56. Na4+ Kb4 57. Nc3 Kc5 58. Kd3 Kb4 59. Kc2 Kc5 60. Kb2 Kb4 61. Nd5+ Kc5 62. Nf6 Kb4 63. Kc2 Ne6 64. Nd5+ Kc5 65. Kc3 Kc6 66. b4 Kd6 67. Nb6 Kc6 68. Na4 Nc7 69. Kb3 Ne6 70. b5+ Kc7 71. Kb4 Nd4 72. c5 Nc2+ 73. Ka5 Nd4 74. Ka6 Ne6 75. Ka7 Nd4 76. b6+ Kd7 77. b7 Nc6+ 78. Kb6 Nb8 79. Nb2 1-0

[Event "Quebec-ch int"]
[Site "Montreal CAN"]
[Date "2009.06.21"]
[Round "3"]
[White "Kovalyov, Anton"]
[Black "Ye, Ling Feng"]
[Result "1-0"]
[WhiteElo "2557"]
[BlackElo "2179"]
[PlyCount "75"]
[GameId "2160767910156438"]
[EventDate "2009.06.19"]
[EventType "tourn"]
[EventRounds "9"]
[EventCountry "CAN"]
[EventCategory "7"]
[SourceTitle "CBM 130 Extra"]
[Source "ChessBase"]
[SourceDate "2009.07.02"]
[SourceVersion "2"]
[SourceVersionDate "2009.07.15"]
[SourceQuality "1"]

1. Nf3 d5 2. d4 e6 3. c4 Be7 4. Nc3 Nf6 5. Bg5 O-O 6. e3 Nbd7 7. Qc2 h6 8. Bf4 c5 9. dxc5 Bxc5 10. cxd5 Nxd5 11. Nxd5 exd5 12. Bd3 Bb4+ 13. Ke2 Nf6 14. Rhc1 Bd6 15. Bxd6 Qxd6 16. Qc5 Qxc5 17. Rxc5 Bg4 18. Rc7 Rab8 19. Rac1 Rfc8 20. h3 Ne8 21. R7c5 b6 22. R5c3 Be6 23. Ba6 Rc5 24. b4 Rxc3 25. Rxc3 Kf8 26. Ne5 Rd8 27. Ra3 Nd6 28. Nc6 Rd7 29. Bd3 Nc8 30. Nd4 Nd6 31. Rc3 Ke7 32. f4 g6 33. g4 f5 34. Nc6+ Kf6 35. Ne5 Rg7 36. Rc6 Nf7 37. Rc7 Nd8 38. g5+ 1-0

[Event "Quebec-ch int"]
[Site "Montreal CAN"]
[Date "2009.06.22"]
[Round "4"]
[White "Hua, Lethyn"]
[Black "Kovalyov, Anton"]
[Result "0-1"]
[WhiteElo "2283"]
[BlackElo "2557"]
[PlyCount "136"]
[GameId "2160767910156441"]
[EventDate "2009.06.19"]
[EventType "tourn"]
[EventRounds "9"]
[EventCountry "CAN"]
[EventCategory "7"]
[SourceTitle "CBM 130 Extra"]
[Source "ChessBase"]
[SourceDate "2009.07.02"]
[SourceVersion "2"]
[SourceVersionDate "2009.07.15"]
[SourceQuality "1"]

1. d4 Nf6 2. c4 e6 3. Nc3 Bb4 4. e3 b6 5. Nge2 Bb7 6. a3 Be7 7. Nf4 d6 8. Be2 Nbd7 9. O-O O-O 10. Bf3 c6 11. b4 a6 12. Qb3 Qc7 13. Bb2 Rfe8 14. Rad1 Bf8 15. Nfe2 g6 16. Ng3 Bg7 17. Rd2 Re7 18. Rfd1 Rae8 19. Be2 h5 20. Nge4 Nxe4 21. Nxe4 d5 22. Ng5 b5 23. cxb5 axb5 24. a4 bxa4 25. Qxa4 Ra8 26. Qb3 Qb6 27. Ra1 Ree8 28. Rdd1 Bf8 29. Bc3 Ba6 30. Rxa6 Rxa6 31. Bxa6 Qxa6 32. Ra1 Qd3 33. Rd1 Qb5 34. Qc2 Qc4 35. Qd3 Qxd3 36. Rxd3 Rb8 37. Kf1 Be7 38. Nf3 Kf8 39. Rd2 Bxb4 40. Bxb4+ Rxb4 41. Rc2 Rb6 42. Ke2 Ke7 43. h4 f6 44. Nd2 Kd6 45. f3 e5 46. Kd3 exd4 47. exd4 Nf8 48. Kc3 Ne6 49. Ra2 Rb8 50. Nb3 Re8 51. Ra7 Re7 52. Rxe7 Kxe7 53. Kd2 f5 54. g3 Kd6 55. Ke2 c5 56. dxc5+ Nxc5 57. Nd4 Ne6 58. Nb3 d4 59. Nc1 Nc5 60. Kd2 Ke5 61. Ne2 Ne6 62. Nc1 f4 63. Nd3+ Kf5 64. gxf4 Nxf4 65. Ne1 g5 66. hxg5 h4 67. Nc2 h3 68. Nxd4+ Kxg5 0-1

[Event "Quebec-ch int"]
[Site "Montreal CAN"]
[Date "2009.06.26"]
[Round "8"]
[White "Kovalyov, Anton"]
[Black "Bluvshtein, Mark"]
[Result "1/2-1/2"]
[WhiteElo "2557"]
[BlackElo "2558"]
[PlyCount "71"]
[GameId "2160767910156463"]
[EventDate "2009.06.19"]
[EventType "tourn"]
[EventRounds "9"]
[EventCountry "CAN"]
[EventCategory "7"]
[SourceTitle "CBM 130 Extra"]
[Source "ChessBase"]
[SourceDate "2009.07.02"]
[SourceVersion "2"]
[SourceVersionDate "2009.07.15"]
[SourceQuality "1"]

1. Nf3 Nf6 2. c4 b6 3. g3 Bb7 4. Bg2 e6 5. Nc3 Be7 6. d4 Ne4 7. Bd2 Bf6 8. O-O O-O 9. Qc2 Nxd2 10. Qxd2 d6 11. Rfd1 Nd7 12. Rac1 Qe7 13. b4 g6 14. h4 Bg7 15. h5 Rad8 16. hxg6 hxg6 17. b5 Rfe8 18. Ne1 Bxg2 19. Nxg2 Nb8 20. Nf4 Qf6 21. Kg2 c5 22. bxc6 Nxc6 23. d5 exd5 24. Qxd5 Na5 25. Ne4 Qe7 26. f3 Kf8 27. Rh1 Qe5 28. Qd2 Nxc4 29. Rxc4 d5 30. Qb4+ Kg8 31. Nxd5 Rxd5 32. g4 Rb5 33. Qd2 Rd5 34. Qc2 b5 35. Rc8 a5 36. a3 1/2-1/2

[Event "Quebec-ch int"]
[Site "Montreal CAN"]
[Date "2009.06.27"]
[Round "9"]
[White "Castellanos Rodriguez, Renier"]
[Black "Kovalyov, Anton"]
[Result "0-1"]
[WhiteElo "2446"]
[BlackElo "2557"]
[PlyCount "94"]
[GameId "2160767910156466"]
[EventDate "2009.06.19"]
[EventType "tourn"]
[EventRounds "9"]
[EventCountry "CAN"]
[EventCategory "7"]
[SourceTitle "CBM 130 Extra"]
[Source "ChessBase"]
[SourceDate "2009.07.02"]
[SourceVersion "2"]
[SourceVersionDate "2009.07.15"]
[SourceQuality "1"]

1. e4 c5 2. Nf3 e6 3. d4 cxd4 4. Nxd4 Nc6 5. Nb5 d6 6. c4 Nf6 7. N5c3 Be7 8. Be2 O-O 9. O-O b6 10. Bf4 Bb7 11. Re1 Ne5 12. Nd2 Nfd7 13. Nf1 a6 14. Bg3 Rc8 15. Ne3 Nf6 16. f3 Nh5 17. Bf2 Bg5 18. Qd4 Nf4 19. Rad1 Nxe2+ 20. Rxe2 Bxe3 21. Bxe3 Nxc4 22. Bf2 Rc6 23. b3 Ne5 24. Red2 Qc7 25. Ne2 h6 26. Bg3 Re8 27. Qb4 a5 28. Qa3 Ba6 29. Bxe5 dxe5 30. Rd7 Qc8 31. Ng3 Rc2 32. Qd6 Qc3 33. Kh1 Bb5 34. Rd8 Kh7 35. Rxe8 Bxe8 36. h3 Qc5 37. Qd8 Qf2 38. Rg1 Bb5 39. a4 Qxg3 40. axb5 Qf2 41. Qf8 Kg6 42. Qe7 Rb2 43. Qd6 Qd4 44. Rd1 Qf2 45. Rg1 Rxb3 46. Qxe5 Qc5 47. Qg3+ Qg5 0-1

[Event "Calgary CICC op"]
[Site "Calgary CAN"]
[Date "2009.05.14"]
[Round "1"]
[White "Kovalyov, Anton"]
[Black "Ristovic, Nenad"]
[Result "1-0"]
[WhiteElo "2557"]
[BlackElo "2252"]
[PlyCount "67"]
[GameId "2160767910156729"]
[EventDate "2009.05.14"]
[EventType "swiss"]
[EventRounds "9"]
[EventCountry "CAN"]
[SourceTitle "CBM 130 Extra"]
[Source "ChessBase"]
[SourceDate "2009.07.02"]
[SourceVersion "2"]
[SourceVersionDate "2009.07.15"]
[SourceQuality "1"]

1. Nf3 d5 2. d4 c6 3. c4 Nf6 4. Qb3 dxc4 5. Qxc4 b5 6. Qc2 e6 7. e4 Bb7 8. Bd3 Be7 9. O-O h6 10. Nc3 O-O 11. e5 Nd5 12. Qe2 Nxc3 13. bxc3 Qd5 14. Rb1 a6 15. a4 Re8 16. Rd1 Bf8 17. Bd2 Ra7 18. c4 bxc4 19. Be4 Qd7 20. Ba5 c5 21. dxc5 Qxa4 22. Ra1 Qb5 23. Bb6 Bxe4 24. Bxa7 Bd3 25. Qa2 Bxc5 26. Bxc5 Qxc5 27. Rac1 Qb5 28. Ne1 Nc6 29. Nxd3 cxd3 30. f4 Nb4 31. Qf2 a5 32. Qd4 Rb8 33. Kh1 Qe8 34. Rc5 1-0

[Event "Calgary CICC op"]
[Site "Calgary CAN"]
[Date "2009.05.15"]
[Round "2"]
[White "Kustar, Sandor"]
[Black "Kovalyov, Anton"]
[Result "1/2-1/2"]
[WhiteElo "2335"]
[BlackElo "2557"]
[PlyCount "79"]
[GameId "2160767910156738"]
[EventDate "2009.05.14"]
[EventType "swiss"]
[EventRounds "9"]
[EventCountry "CAN"]
[SourceTitle "CBM 130 Extra"]
[Source "ChessBase"]
[SourceDate "2009.07.02"]
[SourceVersion "2"]
[SourceVersionDate "2009.07.15"]
[SourceQuality "1"]

1. Nf3 Nf6 2. c4 e6 3. d4 b6 4. g3 c6 5. Bg2 d5 6. Nbd2 Be7 7. Qc2 Bb7 8. O-O O-O 9. e4 Na6 10. Rd1 Rc8 11. b3 Rc7 12. Bb2 Qa8 13. Ne5 c5 14. exd5 exd5 15. Qf5 Qc8 16. Qxc8 Rfxc8 17. cxd5 Bxd5 18. Ndc4 cxd4 19. Rxd4 Bxg2 20. Kxg2 Nb4 21. Rd2 b5 22. Ne3 Bc5 23. Kf3 Bxe3 24. fxe3 h5 25. a3 Nc6 26. Rad1 Kh7 27. h3 Re7 28. Nxc6 Rxc6 29. Rd6 Rc2 30. R1d2 Rxd2 31. Rxd2 Re6 32. Rd8 a6 33. a4 bxa4 34. bxa4 Ne4 35. Rd5 Kg6 36. h4 f6 37. g4 hxg4+ 38. Kxg4 Nd6 39. Bd4 Kf7 40. Kf4 1/2-1/2

[Event "Calgary CICC op"]
[Site "Calgary CAN"]
[Date "2009.05.16"]
[Round "5"]
[White "Kovalyov, Anton"]
[Black "Castellanos Rodriguez, Renier"]
[Result "1/2-1/2"]
[WhiteElo "2557"]
[BlackElo "2446"]
[PlyCount "35"]
[GameId "2160767910156767"]
[EventDate "2009.05.14"]
[EventType "swiss"]
[EventRounds "9"]
[EventCountry "CAN"]
[SourceTitle "CBM 130 Extra"]
[Source "ChessBase"]
[SourceDate "2009.07.02"]
[SourceVersion "2"]
[SourceVersionDate "2009.07.15"]
[SourceQuality "1"]

1. Nf3 Nf6 2. c4 g6 3. Nc3 Bg7 4. e4 d6 5. d4 O-O 6. Be2 e5 7. Be3 Na6 8. O-O Ng4 9. Bg5 Qe8 10. h3 h6 11. Bh4 exd4 12. Nxd4 Nf6 13. Bf3 Nh7 14. Re1 Ng5 15. Ndb5 Qd8 16. Bg3 Be5 17. Bxe5 dxe5 18. Bg4 1/2-1/2

[Event "Calgary CICC op"]
[Site "Calgary CAN"]
[Date "2009.05.17"]
[Round "6"]
[White "Kaminski, Victor"]
[Black "Kovalyov, Anton"]
[Result "1/2-1/2"]
[WhiteElo "2244"]
[BlackElo "2557"]
[PlyCount "112"]
[GameId "2160767910156778"]
[EventDate "2009.05.14"]
[EventType "swiss"]
[EventRounds "9"]
[EventCountry "CAN"]
[SourceTitle "CBM 130 Extra"]
[Source "ChessBase"]
[SourceDate "2009.07.02"]
[SourceVersion "2"]
[SourceVersionDate "2009.07.15"]
[SourceQuality "1"]

1. d4 Nf6 2. Nf3 e6 3. Bg5 h6 4. Bh4 c5 5. c3 Nc6 6. e3 b6 7. Nbd2 Be7 8. Bd3 Bb7 9. O-O O-O 10. Qe2 cxd4 11. exd4 a6 12. a4 d6 13. Rfe1 Re8 14. Ne4 Nh5 15. Bxe7 Nxe7 16. Qd2 Nd5 17. Bf1 Qd7 18. Ng3 Nhf6 19. Qc2 Bc6 20. Nd2 Ra7 21. Nge4 Nxe4 22. Nxe4 Qc7 23. Qb3 Rd8 24. f3 Ne7 25. Nf2 Rb8 26. Qa3 Rba8 27. Nd3 Bd5 28. Nb4 Bc4 29. Bxc4 Qxc4 30. Qa2 Rc8 31. Qxc4 Rxc4 32. Kf2 Kf8 33. Ke2 Ke8 34. Kd3 Rc8 35. Nc2 Kd7 36. Ne3 h5 37. g3 g5 38. Nc4 Rb8 39. b4 Nd5 40. Ne3 Nxe3 41. Rxe3 Rc7 42. a5 b5 43. f4 gxf4 44. gxf4 Rg8 45. f5 Rcc8 46. fxe6+ fxe6 47. Rf1 Rcf8 48. Rff3 Rxf3 49. Rxf3 Kc6 50. Rf7 Rg2 51. Ra7 Rxh2 52. Rxa6+ Kd5 53. Rb6 Rh3+ 54. Kc2 Kc4 55. Rc6+ Kd5 56. Rb6 Kc4 1/2-1/2

[Event "Calgary CICC op"]
[Site "Calgary CAN"]
[Date "2009.05.18"]
[Round "8"]
[White "Kazmaier, Daniel"]
[Black "Kovalyov, Anton"]
[Result "0-1"]
[WhiteElo "2135"]
[BlackElo "2557"]
[PlyCount "74"]
[GameId "2160767910156796"]
[EventDate "2009.05.14"]
[EventType "swiss"]
[EventRounds "9"]
[EventCountry "CAN"]
[SourceTitle "CBM 130 Extra"]
[Source "ChessBase"]
[SourceDate "2009.07.02"]
[SourceVersion "2"]
[SourceVersionDate "2009.07.15"]
[SourceQuality "1"]

1. d4 Nf6 2. Nf3 e6 3. Bg5 h6 4. Bxf6 Qxf6 5. Nbd2 d6 6. e4 Nd7 7. Bd3 g6 8. c3 Bg7 9. Nc4 Qe7 10. Qe2 b6 11. O-O Bb7 12. a4 a6 13. Rfe1 O-O 14. e5 Rfd8 15. Qe3 Rab8 16. Qf4 Nf8 17. Re3 Bd5 18. a5 b5 19. exd6 cxd6 20. Nb6 Bb7 21. Be4 Nd7 22. Nxd7 Qxd7 23. Bc2 Bd5 24. h4 Qe7 25. Rae1 Rbc8 26. Qg4 Qf6 27. Nd2 h5 28. Qg3 Qe7 29. Qf4 b4 30. Nf3 bxc3 31. bxc3 Rc7 32. Ng5 Rdc8 33. Qg3 Bf6 34. f4 Rxc3 35. Rxc3 Bxd4+ 36. Rce3 Rxc2 37. R1e2 Rxe2 0-1

[Event "Calgary CICC op"]
[Site "Calgary CAN"]
[Date "2009.05.18"]
[Round "9"]
[White "Kovalyov, Anton"]
[Black "Pechenkin, Vladimir"]
[Result "1/2-1/2"]
[WhiteElo "2557"]
[BlackElo "2312"]
[PlyCount "49"]
[GameId "2160767910156806"]
[EventDate "2009.05.14"]
[EventType "swiss"]
[EventRounds "9"]
[EventCountry "CAN"]
[SourceTitle "CBM 130 Extra"]
[Source "ChessBase"]
[SourceDate "2009.07.02"]
[SourceVersion "2"]
[SourceVersionDate "2009.07.15"]
[SourceQuality "1"]

1. Nf3 e6 2. c4 f5 3. g3 Nf6 4. Bg2 Be7 5. O-O O-O 6. d3 Nc6 7. Nc3 d6 8. e4 e5 9. h3 Qe8 10. exf5 Bxf5 11. Be3 Qh5 12. Ng5 Qg6 13. Nge4 Rae8 14. Re1 a6 15. a3 Kh8 16. b4 Nd8 17. Ra2 Bc8 18. Nxf6 Bxf6 19. Nd5 Ne6 20. Be4 Qf7 21. h4 Bd8 22. a4 Nd4 23. Bxd4 exd4 24. b5 c6 25. bxc6 1/2-1/2

[Event "Mauricie op"]
[Site "Trois-Rivieres CAN"]
[Date "2009.03.20"]
[Round "1"]
[White "Szalay, Karoly"]
[Black "Kovalyov, Anton"]
[Result "1/2-1/2"]
[WhiteElo "2236"]
[BlackElo "2506"]
[PlyCount "119"]
[GameId "2160767910223076"]
[EventDate "2009.03.20"]
[EventType "swiss"]
[EventRounds "5"]
[EventCountry "CAN"]
[SourceTitle "EXT 2011"]
[Source "ChessBase"]
[SourceDate "2011.11.26"]
[SourceVersion "1"]
[SourceVersionDate "2011.11.26"]
[SourceQuality "1"]

1. e4 c5 2. Nf3 d6 3. d4 cxd4 4. Nxd4 Nf6 5. Nc3 a6 6. Bg5 e6 7. f4 Qc7 8. Qf3 b5 9. O-O-O b4 10. Nce2 Nbd7 11. g4 Bb7 12. Ng3 Be7 13. Bxf6 gxf6 14. Bd3 Nc5 15. Kb1 d5 16. Rhe1 O-O-O 17. e5 Kb8 18. Qe2 Ka7 19. Nh5 fxe5 20. fxe5 Ne4 21. Rf1 Bc5 22. Nf3 h6 23. h4 Qb6 24. Bxe4 dxe4 25. Nd2 Qc7 26. Nxe4 Qxe5 27. Nhg3 Rxd1+ 28. Rxd1 Bd4 29. Qc4 Rd8 30. Qe2 f5 31. gxf5 exf5 32. c3 bxc3 33. bxc3 fxe4 34. Rxd4 Rxd4 35. Qe3 Ka8 36. cxd4 Qf6 37. h5 Qb6+ 38. Kc2 Qa5 39. a3 Qd5 40. Kb2 Qb5+ 41. Kc2 Qc4+ 42. Kd2 Qa2+ 43. Ke1 Qe6 44. Ne2 Qb6 45. Ng3 Qf6 46. Qf2 Qg7 47. Qe3 Qg4 48. Kd2 Qe6 49. Ke1 Bd5 50. Qf4 Qc6 51. Qf8+ Kb7 52. Qe7+ Kb6 53. Ne2 a5 54. Qd8+ Ka6 55. Kd2 Bb3 56. Qe7 Qc2+ 57. Ke1 Qc6 58. Kd2 Qc2+ 59. Ke1 Qc6 60. Kd2 1/2-1/2

[Event "Mauricie op"]
[Site "Trois-Rivieres CAN"]
[Date "2009.03.21"]
[Round "3"]
[White "Kovalyov, Anton"]
[Black "Hua, Lefong"]
[Result "1-0"]
[WhiteElo "2506"]
[BlackElo "2326"]
[PlyCount "53"]
[GameId "2160767910223102"]
[EventDate "2009.03.20"]
[EventType "swiss"]
[EventRounds "5"]
[EventCountry "CAN"]
[SourceTitle "EXT 2011"]
[Source "ChessBase"]
[SourceDate "2011.11.26"]
[SourceVersion "1"]
[SourceVersionDate "2011.11.26"]
[SourceQuality "1"]

1. Nf3 Nf6 2. c4 c5 3. Nc3 e6 4. g3 b6 5. Bg2 Bb7 6. O-O Be7 7. d4 cxd4 8. Qxd4 a6 9. Rd1 d6 10. Bg5 Nbd7 11. Qd2 Rc8 12. b3 O-O 13. Rac1 Nc5 14. Qe3 Qc7 15. h3 Qb8 16. g4 Rfe8 17. Bf4 Ba8 18. Bh2 Red8 19. g5 Nfe4 20. Nxe4 Nxe4 21. h4 Qa7 22. Nd4 Nc5 23. Bxa8 Qxa8 24. b4 Nd7 25. Nxe6 fxe6 26. Qxe6+ Kf8 27. Rc3 1-0